000
00298nam a22001217a 4500
020
_a
81-8131-098-5
082
_a
030
_b
BRI/R 10
245
_a
BRITANNICA READY REFERENCE ENCYCLOPEDIA
260
_a
INDIA
_b
ENCYCLOPAEDIA BRITANNICA
300
_a
252
650
_a
GENERAL KNOWLEDGE
_z
INDIA
942
_c
BK
999
_c
2084
_d
2084